000 00365nam a2200157Ia 4500
008 230524s9999 xx 000 0 und d
082 _a574.191
_bROY
100 _aR.N.Roy
245 0 _aMedical Biophysics
250 _a1ST
260 _aCALCUTTA
_bNew Central
_c2001
300 _aVI;427
500 _aQuantity Number: 1
650 _aBiomedical
942 _cBK
999 _c35025
_d35025